| 000 | 00357nam a22001457a 4500 | ||
|---|---|---|---|
| 005 | 20200604115156.0 | ||
| 008 | 200604b xxu||||| |||| 00| 0 eng d | ||
| 082 | _a345.4 | ||
| 110 |
_aL.I.C _95787 |
||
| 245 | _aL.I.C 2009 (V-2) APRIL TO JUNE | ||
| 260 |
_aBOMBAY _bTHE ALL INDIA REPORTER PVT. LTD |
||
| 300 | _a2304;p | ||
| 650 |
_aLAW _95701 |
||
| 942 | _cJRL | ||
| 999 |
_c6813 _d6811 |
||